000 00573nam a2200217Ia 4500
005 20260429112303.0
008 260429s9999||||xx |||||||||||||| ||und||
020 _a9783111165189
041 _aEnglish
082 _a543
_bNIE
100 _aNießner, Reinhard
245 0 _aOrganic trace analysis /
_cReinhard Nießner
250 _a2nd ed.
260 _aBerlin :
_bDe Gruyter,
_c2024.
300 _axiii, 457 p.; pbk
650 _a Organic compounds
650 _a Trace analysis
650 _aAnalytical chemistry
700 _a Schäffer, Andre
942 _cTB
999 _c53317
_d53317